| 000 | 00520nam a2200169 i 4500 | ||
|---|---|---|---|
| 001 | 71077 | ||
| 003 | ES-MaACL | ||
| 005 | 20230906171018.0 | ||
| 007 | t| | ||
| 008 | 040805s1934 xxk ||||1| eng d | ||
| 100 | 1 |
_aGathorne-Hardy, G. M. _955960 |
|
| 245 | 1 | 2 |
_aA short history of international affairs 1920-1934 / _cby G.M. Gathorne-Hardy ; preface by Eustace Percy. |
| 260 |
_aOxford : _bUniversity Press, _c1934. |
||
| 300 |
_aX, 351 p. ; _c22 cm. |
||
| 700 | 1 |
_aPercy, Eustace. _990416 |
|
| 852 |
_aES-MaACL _jA-3322 |
||
| 999 |
_c71077 _d71077 |
||